Modern interviews / (Record no. 134461)

MARC details
000 -LEADER
fixed length control field 00735nam a22002417a 4500
005 - DATE AND TIME OF LATEST TRANSACTION
control field 20181113155537.0
010 ## - LCCN (DPL NO)
LC control number B-224046, B-224064
020 ## - INTERNATIONAL STANDARD BOOK NUMBER
Terms of availability 90.00
International Standard Book Number 8171992145
035 ## - SYSTEM CONTROL NUMBER
System control number B-224046,B-224050,B-224064
037 ## - SOURCE OF ACQUISITION
Source of stock number/acquisition Cen Lib/Ret
082 ## - DEWEY DECIMAL CLASSIFICATION NUMBER
Classification number 658.31124
Item number BAT
100 ## - MAIN ENTRY--PERSONAL NAME
Personal name Batra, S. C
245 ## - TITLE STATEMENT
Title Modern interviews /
Statement of responsibility, etc by S. C. Mital [and] P. S. Bright
250 ## - EDITION STATEMENT
Edition statement 18th rev. enl ed.
260 ## - PUBLICATION, DISTRIBUTION, ETC. (IMPRINT)
Place of publication, distribution, etc Delhi
Name of publisher, distributor, etc Bright Careers
270 ## - ADDRESS
Address 1525, Nau Sarak
City Delhi
Postal code 110006
300 ## - PHYSICAL DESCRIPTION
Extent viii,280p.
Dimensions 21cm(pbk)
650 ## - SUBJECT ADDED ENTRY--TOPICAL TERM
Topical term or geographic name as entry element Employment interviewing
650 ## - SUBJECT ADDED ENTRY--TOPICAL TERM
Topical term or geographic name as entry element Employees--Recruiting
700 ## - ADDED ENTRY--PERSONAL NAME
Personal name Bright, P. S
9 (RLIN) 37939
942 ## - ADDED ENTRY ELEMENTS (KOHA)
Source of classification or shelving scheme Dewey Decimal Classification
Item type English Books
Classification part 658.311424
Call number suffix BAT
Holdings
Withdrawn status Lost status Not for loan Collection code Home library Current library Date acquired Source of acquisition Cost, normal purchase price Full call number Barcode Copy number Cost, replacement price Koha item type
    Not For Loan Reference Central Library Central Library 30/07/2015 Cen Lib/Ret 90.00 658.31124 BAT B-224046 1 90.00 English Books
      Non-fiction R.C.Libraries (zls) R.C.Libraries (zls) 13/11/2018   90.00 658.311424 BAT B-224064 1 90.00 English Books
      Non-fiction Shahdara Branch Shahdara Branch 23/06/2018 BPPD/PUB 90.00 658.311424 BAT B-224050   90.00 English Books

© Delhi Public Library
Hit Counter
free hit counter